[Event "Moscow op-E"]
[Site "Moscow"]
[Date "2011.02.06"]
[Round "9.7"]
[White "Kapustin, Nikolay"]
[Black "Konstantopoulos, Nikolaos"]
[Result "1-0"]
[WhiteElo "1728"]
[BlackElo "1551"]
[PlyCount "51"]
[EventDate "2011.01.29"]
[EventType "swiss"]
[EventRounds "9"]
[EventCountry "RUS"]
[SourceTitle "EXT 2022"]
[Source "ChessBase"]
[SourceDate "2021.10.06"]
[SourceVersion "1"]
[SourceVersionDate "2021.10.06"]
[SourceQuality "1"]

1. d4 d5 2. c4 Nf6 3. Nc3 c6 4. e3 g6 5. Nf3 Bg7 6. Bd3 0-0 7. h3 Nbd7 8. c5 Re8 9. 0-0 e5 10. Nxe5 Nxe5 11. dxe5 Rxe5 12. b4 Be6 13. Bc2 Qc7 14. Rb1 Rh5 15. f4 Rd8 16. Qf3 d4 17. exd4 Bc4 18. Rd1 Nd5 19. a3 Qe7 20. Ne4 f5 21. Ng3 Rh4 22. Bb3 Bxd4+ 23. Rxd4 Qe1+ 24. Kh2 Bxb3 25. Qxb3 Rxh3+ 26. Kxh3 1-0

[Event "Moscow op-E"]
[Site "Moscow"]
[Date "2011.02.05"]
[Round "8.6"]
[White "Konstantopoulos, Nikolaos"]
[Black "Matyushin, Lev"]
[Result "0-1"]
[WhiteElo "1551"]
[BlackElo "1803"]
[PlyCount "51"]
[EventDate "2011.01.29"]
[EventType "swiss"]
[EventRounds "9"]
[EventCountry "RUS"]
[SourceTitle "EXT 2022"]
[Source "ChessBase"]
[SourceDate "2021.10.06"]
[SourceVersion "1"]
[SourceVersionDate "2021.10.06"]
[SourceQuality "1"]

1. d4 d5 2. Nf3 Nd7 3. e3 g6 4. b3 Bg7 5. Bb2 c6 6. Bd3 b5 7. 0-0 Qc7 8. Nbd2 e5 9. e4 dxe4 10. Nxe4 f5 11. Neg5 e4 12. Ne6 Qd6 13. Nxg7+ Kf7 14. d5 Ndf6 15. Be2 cxd5 16. Bxb5 h6 17. Nh4 g5 18. Qd2 Kxg7 19. Rad1 Be6 20. Be2 Rh7 21. c4 Rd8 22. cxd5 Qxd5 23. Qc3 Qa8 24. Qc7+ Rd7 25. Rxd7+ Bxd7 26. Qxd7+ 0-1

[Event "Moscow op-E"]
[Site "Moscow"]
[Date "2011.01.30"]
[Round "2.2"]
[White "Konstantopoulos, Nikolaos"]
[Black "Skoriak, Ivan"]
[Result "1/2-1/2"]
[WhiteElo "1551"]
[BlackElo "1971"]
[PlyCount "55"]
[EventDate "2011.01.29"]
[EventType "swiss"]
[EventRounds "9"]
[EventCountry "RUS"]
[SourceTitle "EXT 2022"]
[Source "ChessBase"]
[SourceDate "2021.10.06"]
[SourceVersion "1"]
[SourceVersionDate "2021.10.06"]
[SourceQuality "1"]

1. d4 d5 2. Nf3 Nf6 3. e3 c6 4. b3 g6 5. Bb2 Bg7 6. Nbd2 0-0 7. c4 a6 8. Bd3 Nbd7 9. 0-0 Re8 10. Qc2 dxc4 11. Nxc4 Nd5 12. Ba3 c5 13. dxc5 Bxa1 14. Rxa1 Qc7 15. Rd1 N7f6 16. Nce5 e6 17. Nc4 e5 18. Nd6 Re7 19. Bc4 Qc6 20. e4 Nf4 21. Nxe5 Rxe5 22. Nxf7 Rxe4 23. Nd8+ Rxc4 24. Qxc4+ Be6 25. Qxf4 Nd5 26. Nxc6 Nxf4 27. Rd8+ Rxd8 28. Nxd8 1/2-1/2

[Event "Nikea Fysiolatriko op-B 08th"]
[Site "Nikea"]
[Date "2010.06.23"]
[Round "8.1"]
[White "Konstantopoulos, Nikolaos"]
[Black "Fakoudis, Ioannis"]
[Result "0-1"]
[WhiteElo "1495"]
[BlackElo "1540"]
[PlyCount "80"]
[EventDate "2010.06.17"]
[EventType "swiss"]
[EventRounds "9"]
[EventCountry "GRE"]
[SourceTitle "EXT 2024"]
[Source "ChessBase"]
[SourceDate "2023.10.10"]
[SourceVersion "1"]
[SourceVersionDate "2023.10.10"]
[SourceQuality "1"]

1. d4 d5 2. Nf3 Nf6 3. e3 Bg4 4. Be2 e6 5. 0-0 c5 6. b3 Nc6 7. Bb2 cxd4 8. Nxd4 Bxe2 9. Qxe2 Bd6 10. Nd2 0-0 11. c4 Nxd4 12. Bxd4 e5 13. Bb2 Qe7 14. cxd5 Nxd5 15. Qb5 Nb4 16. Nc4 a6 17. Qb6 Bc5 18. Qa5 Nd3 19. Qc3 Nxb2 20. Qxb2 Rfe8 21. Rfd1 b5 22. Nd2 Ba3 23. Qc2 Rac8 24. Qf5 Rc6 25. Ne4 g6 26. Qf3 Rec8 27. h3 f5 28. Ng3 e4 29. Qf4 Bb2 30. Rab1 Be5 31. Qh6 Bg7 32. Qf4 Be5 33. Qh6 Rc2 34. a3 Bg7 35. Qf4 Qxa3 36. Nxf5 gxf5 37. Qxf5 Qf8 38. Qxe4 Qxf2+ 39. Kh1 Qg3 40. Qe6+ Kh8 0-1

[Event "Nikea Fysiolatriko op-B 08th"]
[Site "Nikea"]
[Date "2010.06.21"]
[Round "6.2"]
[White "Konstantopoulos, Nikolaos"]
[Black "Katopodis, Ioannis"]
[Result "1/2-1/2"]
[WhiteElo "1495"]
[BlackElo "1451"]
[PlyCount "57"]
[EventDate "2010.06.17"]
[EventType "swiss"]
[EventRounds "9"]
[EventCountry "GRE"]
[SourceTitle "EXT 2024"]
[Source "ChessBase"]
[SourceDate "2023.10.10"]
[SourceVersion "1"]
[SourceVersionDate "2023.10.10"]
[SourceQuality "1"]

1. d4 Nf6 2. Nf3 d6 3. e3 c5 4. b3 e6 5. Bb2 Be7 6. Bd3 a6 7. Nbd2 0-0 8. 0-0 Bd7 9. Qe2 Nc6 10. dxc5 dxc5 11. Ng5 h6 12. Nge4 Nb4 13. Bxf6 Bxf6 14. Nxf6+ Qxf6 15. Be4 Nc6 16. Rfd1 Rfd8 17. Nc4 Be8 18. Rab1 Rxd1+ 19. Rxd1 Rd8 20. Nd6 Qe7 21. Nxe8 Rxd1+ 22. Qxd1 Qxe8 23. Qd6 Qd8 24. Qxd8+ Nxd8 25. Kf1 f5 26. Bf3 Kf7 27. Ke1 g6 28. Kd2 Ke7 29. Kc3 1/2-1/2

[Event "GRE-chT U16"]
[Site "Chalkida"]
[Date "2009.12.12"]
[Round "3.2"]
[White "Kafetzis, Georgios"]
[Black "Konstantopoulos, Nikolaos"]
[Result "1-0"]
[WhiteElo "1913"]
[BlackElo "1488"]
[PlyCount "57"]
[EventDate "2009.12.11"]
[EventType "team-swiss"]
[EventRounds "5"]
[EventCountry "GRE"]
[SourceTitle "EXT 2011"]
[Source "ChessBase"]
[SourceDate "2010.11.26"]
[SourceVersion "1"]
[SourceVersionDate "2010.11.26"]
[SourceQuality "1"]
[WhiteTeam "Kavalas"]
[BlackTeam "Aspropyrgou"]
[WhiteTeamCountry "GRE"]
[BlackTeamCountry "GRE"]

1. e4 d5 2. exd5 Qxd5 3. Nc3 Qd6 4. Bc4 a6 5. Nge2 Nf6 6. d4 b5 7. Bb3 Bb7 8. Bf4 Qb6 9. 0-0 e6 10. a4 b4 11. a5 Qa7 12. Na4 Nd5 13. Bxd5 Bxd5 14. c4 bxc3 15. Nexc3 Bc4 16. Re1 Bd6 17. Bxd6 cxd6 18. Nb6 Bb5 19. Nxb5 axb5 20. Qb3 0-0 21. Nxa8 Qxa8 22. Qxb5 Nc6 23. Qa4 Rb8 24. Rec1 Na7 25. Qd7 Rd8 26. Qc7 Nb5 27. Qc6 Nxd4 28. Qxa8 Rxa8 29. Rc7 1-0

[Event "Nikaia op 17th"]
[Site "Nikaia"]
[Date "2009.08.22"]
[Round "1"]
[White "Konstantopoulos, Nikolaos"]
[Black "Delithanasis, Dimitrios"]
[Result "0-1"]
[WhiteElo "1470"]
[BlackElo "2267"]
[PlyCount "60"]
[EventDate "2009.08.22"]
[EventType "swiss"]
[EventRounds "9"]
[EventCountry "GRE"]
[SourceTitle "CBM 132 Extra"]
[Source "ChessBase"]
[SourceDate "2009.11.03"]
[SourceVersion "1"]
[SourceVersionDate "2009.11.03"]
[SourceQuality "1"]

1. e4 e6 2. d4 d5 3. Nd2 dxe4 4. Nxe4 Bd7 5. Nf3 Bc6 6. Bd3 Bxe4 7. Bxe4 c6 8. c3 Nf6 9. Bc2 g6 10. 0-0 Bg7 11. Re1 0-0 12. Bg5 Nbd7 13. Ne5 Qc7 14. Qf3 Nxe5 15. dxe5 Nd7 16. Qe3 Qxe5 17. Qd2 Qd5 18. Qxd5 cxd5 19. Bf4 Rfc8 20. Rad1 b5 21. Bd3 a6 22. g3 Nc5 23. Bf1 Na4 24. Rd2 Rc6 25. Be5 Bf8 26. g4 Rac8 27. Bd4 b4 28. Rc1 bxc3 29. Bxc3 Bg7 30. Rdc2 d4 0-1

[Event "GRE-ch U14"]
[Site "Kallithea"]
[Date "2009.06.25"]
[Round "1"]
[White "Papadopoulos, Panayotis"]
[Black "Konstantopoulos, Nikolaos"]
[Result "1-0"]
[WhiteElo "1903"]
[BlackElo "1487"]
[PlyCount "59"]
[EventDate "2009.06.25"]
[EventType "swiss"]
[EventRounds "9"]
[EventCountry "GRE"]
[SourceTitle "EXT 2011"]
[Source "ChessBase"]
[SourceDate "2010.11.26"]
[SourceVersion "1"]
[SourceVersionDate "2010.11.26"]
[SourceQuality "1"]

1. e4 e5 2. Nf3 Nc6 3. d4 exd4 4. Nxd4 Bc5 5. Nxc6 Qf6 6. Qd2 Qxc6 7. Nc3 b6 8. Bb5 Qg6 9. Qg5 Bb7 10. 0-0 Ne7 11. Qxg6 Nxg6 12. Bc4 0-0 13. Bd5 Bxd5 14. Nxd5 c6 15. Nc7 Rac8 16. Na6 Be7 17. Be3 c5 18. Rad1 Rfd8 19. Rd5 Bf6 20. Rfd1 Nf8 21. c3 Rc6 22. Bf4 Rdc8 23. Nb8 Re6 24. f3 Ng6 25. Bg3 d6 26. Na6 Rc6 27. Bxd6 h6 28. Bg3 Ne7 29. Rd8+ Kh7 30. Nb8 1-0

[Event "Attica-ch U14"]
[Site "Athens"]
[Date "2008.12.28"]
[Round "5"]
[White "Gikas, Hristos"]
[Black "Konstantopoulos, Nikolaos"]
[Result "1-0"]
[WhiteElo "1861"]
[BlackElo "1463"]
[PlyCount "37"]
[EventDate "2008.12.25"]
[EventType "swiss"]
[EventRounds "7"]
[EventCountry "GRE"]
[SourceTitle "EXT 2011"]
[Source "ChessBase"]
[SourceDate "2010.11.26"]
[SourceVersion "1"]
[SourceVersionDate "2010.11.26"]
[SourceQuality "1"]

1. Nf3 d5 2. g3 Nf6 3. Bg2 e6 4. 0-0 Be7 5. d3 c5 6. Nbd2 0-0 7. e4 dxe4 8. dxe4 Qc7 9. Qe2 b6 10. Nc4 Ba6 11. Bf4 Qc8 12. Nfe5 Nfd7 13. Nxd7 Nxd7 14. e5 Rb8 15. b3 Rd8 16. h4 f6 17. exf6 Bxf6 18. Qxe6+ Kh8 19. Nd6 1-0